00350 a2200121 450000500170000002000180001708200160003510000200005124500490007125000120012026000480013230000480018020250625074421.0 a0-7167-4358-2 a044.015 GER aGERSTING, J. L. aMathematical Structures for Computer Science a5th Ed. aNew York,bW. H. Freeman and Companyc2003. axx, 719p.; ill.; table, figurebIndexc24cm